| 000 | 00496nam a22001937a 4500 | ||
|---|---|---|---|
| 003 | MPLRDC | ||
| 005 | 20220104124316.0 | ||
| 008 | 210129b ||||| |||| 00| 0 eng d | ||
| 020 | _a7-110-02145-9 | ||
| 082 | _a173.12 LL | ||
| 100 | _a刘丽主编 | ||
| 245 |
_a儿童不良心理和行为的矫正 _c |
||
| 250 | _a一版一刷 | ||
| 260 |
_a _b科学普及出版社 _c1991 |
||
| 300 | _b平 | ||
| 490 | _a独生子女教养丛书 | ||
| 650 | _a儿童心理学 | ||
| 942 |
_cBK _o173.12 LL |
||
| 999 |
_c18302 _d18292 |
||